Movies Quiz

Random Movies or Actor Quiz

Best Actor Match-Up Quiz Stats

 Plays Quiz Updated Aug 22, 2012

Challenge
Share
Tweet
Embed
Score 0/100 Timer 10:00
3 Plays Today
% Correct
٭Forrest Gump٭
97.2%
٭Forrest Gump٭
97.2%
٭Forrest Gump٭
97.2%
٭Forrest Gump٭
97.2%
٭Forrest Gump٭
97.2%
٭Silence of the Lambs٭
92.6%
٭Silence of the Lambs٭
92.6%
٭Silence of the Lambs٭
92.6%
٭Silence of the Lambs٭
92.6%
٭Silence of the Lambs٭
92.6%
٭The Godfather٭
86.3%
٭The Godfather٭
86.3%
٭The Godfather٭
86.3%
٭The Godfather٭
86.3%
٭The Godfather٭
86.3%
٭Ray٭
84.8%
٭Ray٭
84.8%
٭Ray٭
84.8%
٭Ray٭
84.8%
٭Ray٭
84.8%
٭Milk٭
81.8%
٭Milk٭
81.8%
٭Milk٭
81.8%
٭Milk٭
81.8%
٭Milk٭
81.8%
٭Gandhi٭
76.7%
٭Gandhi٭
76.7%
٭Gandhi٭
76.7%
٭Gandhi٭
76.7%
٭Gandhi٭
76.7%
٭To Kill a Mockingbird٭
76%
٭To Kill a Mockingbird٭
76%
٭To Kill a Mockingbird٭
76%
٭To Kill a Mockingbird٭
76%
% Correct
٭To Kill a Mockingbird٭
76%
٭Wall Street٭
74.4%
٭Wall Street٭
74.4%
٭Wall Street٭
74.4%
٭Wall Street٭
74.4%
٭Wall Street٭
74.4%
٭Ben-Hur٭
66.3%
٭Ben-Hur٭
66.3%
٭Ben-Hur٭
66.3%
٭Ben-Hur٭
66.3%
٭Ben-Hur٭
66.3%
٭Raging Bull٭
64.5%
٭Raging Bull٭
64.5%
٭Raging Bull٭
64.5%
٭Raging Bull٭
64.5%
٭Raging Bull٭
64.5%
٭Rain Man٭
62.5%
٭Rain Man٭
62.5%
٭Rain Man٭
62.5%
٭Rain Man٭
62.5%
٭Rain Man٭
62.5%
٭True Grit٭
61.9%
٭True Grit٭
61.9%
٭True Grit٭
61.9%
٭True Grit٭
61.9%
٭True Grit٭
61.9%
٭The Pianist٭
53.6%
٭The Pianist٭
53.5%
٭The Pianist٭
53.5%
٭The Pianist٭
53.5%
٭The Pianist٭
53.5%
٭Training Day٭
45.4%
٭Training Day٭
45.4%
٭Training Day٭
45.4%
% Correct
٭Training Day٭
45.4%
٭Training Day٭
45.4%
٭My Fair Lady٭
43.1%
٭My Fair Lady٭
43.1%
٭My Fair Lady٭
43.1%
٭My Fair Lady٭
43.1%
٭My Fair Lady٭
43.1%
٭Yankee Doodle Dandy٭
25.5%
٭Yankee Doodle Dandy٭
25.5%
٭Yankee Doodle Dandy٭
25.5%
٭Yankee Doodle Dandy٭
25.5%
٭Yankee Doodle Dandy٭
25.5%
٭Shine٭
24.6%
٭Shine٭
24.6%
٭Shine٭
24.6%
٭Shine٭
24.6%
٭Shine٭
24.6%
٭High Noon٭
21.8%
٭High Noon٭
21.8%
٭High Noon٭
21.8%
٭High Noon٭
21.8%
٭High Noon٭
21.8%
٭Network٭
21.6%
٭Network٭
21.6%
٭Network٭
21.6%
٭Network٭
21.6%
٭Network٭
21.6%
٭Going My Way٭
21.2%
٭Going My Way٭
21.2%
٭Going My Way٭
21.2%
٭Going My Way٭
21.2%
٭Going My Way٭
21.2%

You're not logged in!

Compare scores with friends on all Sporcle quizzes.
OR
Log In

You Might Also Like...

Show Comments

Extras

Top Quizzes Today


Score Distribution

Your Account Isn't Verified!

In order to create a playlist on Sporcle, you need to verify the email address you used during registration. Go to your Sporcle Settings to finish the process.

Report this User

Report this user for behavior that violates our Community Guidelines.

Details: